Manejo conjunto de los recursos naturales : (Registro nro. 4117)

Detalles MARC
000 -CABECERA
Campo de control 01024nam a2200289 a 4500
005 - FECHA Y HORA DE LA ULTIMA TRANSACCION
Campo de control 20191224041724.0
008 - ELEMENTOS DE LONGITUD FIJA—INFORMACION GENERAL
Campo de control 140314t2001 gw ab fr|||| 000 0 spa d
020 ## - ISBN
ISBN 3925064338
040 ## - FUENTE DE CATALOGACIÓN
Agencia catalogadora original CO-BoIAVH
Agencia transcriptora CO-BoIAVH
041 0# - IDIOMA
Código de idioma para texto/pista de sonido o título separado Español
044 ## - PAÍS DE PUBLICACIÓN
País de publicación Alemania
082 04 - NUMERO DE CLASIFICACION DECIMAL DEWEY
Número de clasificación 333.7
Número del ítem B73m
100 1# - ASIENTO PRINCIPAL--NOMBRE PERSONAL
Nombre personal Borrini Feyerabend, Grazia
9 (RLIN) 10782
245 10 - MENCION DE TITULO
Título Manejo conjunto de los recursos naturales :
Parte restante del título organizarse, negociar y aprender en la acción
260 ## - PUBLICACION, DISTRIBUCION, ETC. (PIE DE IMPRENTA)
Lugar de publicación, distribución, etc. Heidelberg :
Nombre del editor, distribuidor, etc. GTZ :
-- UICN :
-- Kasparek Verlag,
Fecha de publicación, distribución, etc. 2001.
300 ## - DESCRIPCION FISICA
Extensión 100 páginas :
Otros detalles físicos Ilustraciones, mapas ;
Dimensiones 30 x 21 cm.
504 ## - NOTA DE BIBLIOGRAFIA, ETC.
Nota de bibliografía Incluye referencias bibliográficas: páginas 97-100.
650 16 - ASIENTO SECUNDARIO DE MATERIA - TERMINO TEMATICO
Término temático o nombre geográfico como elemento de entrada Manejo de recursos naturales
9 (RLIN) 4728
650 26 - ASIENTO SECUNDARIO DE MATERIA - TERMINO TEMATICO
Término temático o nombre geográfico como elemento de entrada Manejo comunitario de recursos
9 (RLIN) 21485
650 26 - ASIENTO SECUNDARIO DE MATERIA - TERMINO TEMATICO
Término temático o nombre geográfico como elemento de entrada Manejo participativo
9 (RLIN) 16237
650 26 - ASIENTO SECUNDARIO DE MATERIA - TERMINO TEMATICO
Término temático o nombre geográfico como elemento de entrada Facilitadores comunitarios
9 (RLIN) 21234
650 26 - ASIENTO SECUNDARIO DE MATERIA - TERMINO TEMATICO
Término temático o nombre geográfico como elemento de entrada Participación comunitaria
9 (RLIN) 61821
700 1# - ASIENTO SECUNDARIO - NOMBRE PERSONAL
Nombre personal Taghi Farvar, M.
9 (RLIN) 21486
700 1# - ASIENTO SECUNDARIO - NOMBRE PERSONAL
Nombre personal Solis , Vivienne
9 (RLIN) 21487
700 1# - ASIENTO SECUNDARIO - NOMBRE PERSONAL
Nombre personal Govan, Hugh
9 (RLIN) 21488
942 ## - ELEMENTOS ADICIONALES (KOHA)
Tipo de ítem Libro
Sistema de clasificación Dewey Decimal Classification
Existencias
Withdrawn status Lost status Sistema de Clasificación Damaged status No para préstamo Colección Inventariado Ubicación Permanente Ubicación actual Fecha de adquisición Fuente de Valor Valor Total Checkouts Número topográfico Inventario / Código de Barras Date last seen Ejemplar Price effective from Forma de adquisición Tipo de material
    Dewey Decimal Classification     General Inventariado 2017 Bogotá Bogotá 07/10/2004 Instituto 39000.00   LB-333.7 B73m 016765 04/12/2012 Ej. 1 04/12/2012   Libro
    Dewey Decimal Classification     General Inventariado 2017 Sala Fabio Quevedo Sala Fabio Quevedo 23/08/2004 Instituto 39000.00   LB-333.7 B73m 016535 04/12/2012 Ej. 1 04/12/2012 Donación Libro